00853nam a2200205 a 450000100100000000500170001000800410002702000150006808200130008310000400009624501470013625000110028326000460029430000280034004900090036895201170037795201230049499900170061704000130063400002252220200930021644.0101012s2005 sp a 000 0 spa d a8497343417 ann*bnn*1 aBastante Liébana, Jesús.94637010aBenedicto XVI, el nuevo papa :bRatzinger: su biografía, las claves de su elección y los desafíos ante el siglo xxi /cJesús Bastante. a2a ed. aMadrid :bLa Esfera de los Libros,c2005. a253 p. :bil. ;c24 cm. aBNGR 001054708MOaGRbGRcCTd2010-10-12iLF1l0onn* nn*p22522-10r2020-06-25w2020-06-25y4ZPréstamo en sala 001054728MOaGRbGRcCTd2010-10-12iLF1l0onn* nn*p22522-20r2020-06-25te. 2w2020-06-25y4ZPréstamo en sala c22020d22020 aDO-SdBNP